[Event "Senior Men Russian Championship 2022_HL"]
[Site "Saint-Petersburg, Russia"]
[Date "2022.09.26"]
[Round "3.2"]
[White "Kalegin, Evgenij"]
[Black "Ionov, Sergey"]
[Result "1/2-1/2"]
[TimeControl "40+30"]
[WhiteElo "2386"]
[BlackElo "2513"]

1. e4 {[%clk 01:30:55]} {[%emt 00:00:04]} c5 {[%clk 01:30:38]} {[%emt
00:00:23]} 2. Nf3 {[%clk 01:31:14]} {[%emt 00:00:11]} d6 {[%clk 01:31:00]}
{[%emt 00:00:08]} 3. Bb5+ {[%clk 01:31:21]} {[%emt 00:00:24]} Bd7 {[%clk
01:29:57]} {[%emt 00:01:33]} 4. Bxd7+ {[%clk 01:31:41]} {[%emt 00:00:09]} Qxd7
{[%clk 01:30:24]} {[%emt 00:00:03]} 5. O-O {[%clk 01:31:49]} {[%emt 00:00:23]}
Nf6 {[%clk 01:30:49]} {[%emt 00:00:05]} 6. e5 {[%clk 01:30:16]} {[%emt
00:02:03]} dxe5 {[%clk 01:31:13]} {[%emt 00:00:06]} 7. Nxe5 {[%clk 01:30:42]}
{[%emt 00:00:03]} Qc7 {[%clk 01:30:40]} {[%emt 00:01:03]} 8. d4 {[%clk
01:29:58]} {[%emt 00:01:14]} cxd4 {[%clk 01:31:08]} {[%emt 00:00:03]} 9. Bf4
{[%clk 01:26:26]} {[%emt 00:04:02]} Qb6 {[%clk 01:31:31]} {[%emt 00:00:07]} 10.
Nd2 {[%clk 01:18:29]} {[%emt 00:08:28]} Nc6 {[%clk 01:31:38]} {[%emt 00:00:23]}
11. c3 {[%clk 00:55:02]} {[%emt 00:23:56]} dxc3 {[%clk 01:27:06]} {[%emt
00:05:02]} 12. bxc3 {[%clk 00:55:20]} {[%emt 00:00:12]} Nxe5 {[%clk 01:25:55]}
{[%emt 00:01:41]} 13. Bxe5 {[%clk 00:55:39]} {[%emt 00:00:11]} Nd7 {[%clk
01:17:10]} {[%emt 00:09:15]} 14. Nf3 {[%clk 00:47:42]} {[%emt 00:08:28]} f6
{[%clk 01:15:26]} {[%emt 00:02:13]} 15. Rb1 {[%clk 00:43:08]} {[%emt 00:05:04]}
Qa6 {[%clk 01:07:14]} {[%emt 00:08:42]} 16. Bd4 {[%clk 00:36:24]} {[%emt
00:07:15]} e5 {[%clk 01:05:16]} {[%emt 00:02:26]} 17. Be3 {[%clk 00:31:11]}
{[%emt 00:05:45]} O-O-O {[%clk 00:55:08]} {[%emt 00:10:38]} 18. c4 {[%clk
00:29:48]} {[%emt 00:01:53]} Bc5 {[%clk 00:54:11]} {[%emt 00:01:26]} 19. Qe2
{[%clk 00:28:03]} {[%emt 00:02:16]} Qc6 {[%clk 00:42:51]} {[%emt 00:11:48]} 20.
a4 {[%clk 00:26:09]} {[%emt 00:02:25]} Kb8 {[%clk 00:41:33]} {[%emt 00:01:48]}
21. a5 {[%clk 00:25:29]} {[%emt 00:01:10]} Ka8 {[%clk 00:41:44]} {[%emt
00:00:19]} 22. Nd2 {[%clk 00:20:52]} {[%emt 00:05:06]} Bxe3 {[%clk 00:37:21]}
{[%emt 00:04:54]} 23. Qxe3 {[%clk 00:21:04]} {[%emt 00:00:18]} Nc5 {[%clk
00:37:34]} {[%emt 00:00:17]} 24. Nb3 {[%clk 00:15:24]} {[%emt 00:06:11]} Na6
{[%clk 00:34:37]} {[%emt 00:03:26]} 25. c5 {[%clk 00:13:07]} {[%emt 00:02:47]}
Rd7 {[%clk 00:30:13]} {[%emt 00:04:54]} 26. Rfd1 {[%clk 00:05:56]} {[%emt
00:07:40]} Rhd8 {[%clk 00:29:31]} {[%emt 00:01:12]} 27. Rxd7 {[%clk 00:06:00]}
{[%emt 00:00:26]} Qxd7 {[%clk 00:26:31]} {[%emt 00:03:29]} 28. h3 {[%clk
00:05:40]} {[%emt 00:00:51]} Qd3 {[%clk 00:21:05]} {[%emt 00:05:55]} 29. Qc1
{[%clk 00:05:42]} {[%emt 00:00:29]} Rc8 {[%clk 00:17:59]} {[%emt 00:03:34]} 30.
Qb2 {[%clk 00:04:51]} {[%emt 00:01:21]} g6 {[%clk 00:11:54]} {[%emt 00:06:35]}
31. Nd4 {[%clk 00:01:07]} {[%emt 00:04:15]} Nxc5 {[%clk 00:12:14]} {[%emt
00:00:10]} 32. Ne6 {[%clk 00:01:29]} {[%emt 00:00:09]} Qa6 {[%clk 00:09:27]}
{[%emt 00:03:15]} 33. Nxc5 {[%clk 00:01:07]} {[%emt 00:00:53]} Rxc5 {[%clk
00:09:54]} {[%emt 00:00:02]} 34. Qb4 {[%clk 00:00:57]} {[%emt 00:00:41]} Rc8
{[%clk 00:06:08]} {[%emt 00:04:16]} 35. Rd1 {[%clk 00:01:11]} {[%emt 00:00:16]}
Qe6 {[%clk 00:03:38]} {[%emt 00:02:58]} 36. Rd6 {[%clk 00:01:17]} {[%emt
00:00:25]} Qe7 {[%clk 00:04:00]} {[%emt 00:00:08]} 37. a6 {[%clk 00:01:18]}
{[%emt 00:00:30]} bxa6 {[%clk 00:03:51]} {[%emt 00:00:39]} 38. Qd2 {[%clk
00:01:10]} {[%emt 00:00:38]} e4 {[%clk 00:01:21]} {[%emt 00:02:59]} 39. Rd7
{[%clk 00:01:10]} {[%emt 00:00:32]} Qc5 {[%clk 00:01:42]} {[%emt 00:00:07]} 40.
Kh2 {[%clk 00:31:16]} {[%emt 00:00:25]} h5 {[%clk 00:31:25]} {[%emt 00:00:47]}
41. Rg7 {[%clk 00:21:49]} {[%emt 00:09:56]} h4 {[%clk 00:15:32]} {[%emt
00:16:24]} 42. Qd7 {[%clk 00:21:33]} {[%emt 00:00:46]} Rb8 {[%clk 00:15:43]}
{[%emt 00:00:17]} 43. Rxg6 {[%clk 00:21:38]} {[%emt 00:00:27]} a5 {[%clk
00:14:40]} {[%emt 00:01:33]} 44. Rxf6 {[%clk 00:18:14]} {[%emt 00:03:54]} Qe5+
{[%clk 00:14:39]} {[%emt 00:00:30]} 45. g3 {[%clk 00:18:41]} {[%emt 00:00:04]}
hxg3+ {[%clk 00:14:03]} {[%emt 00:01:06]} 46. Kg2 {[%clk 00:19:06]} {[%emt
00:00:05]} Rg8 {[%clk 00:13:00]} {[%emt 00:01:33]} 47. Qf7 {[%clk 00:16:34]}
{[%emt 00:03:02]} Rd8 {[%clk 00:11:18]} {[%emt 00:02:11]} 48. Rf5 {[%clk
00:14:17]} {[%emt 00:02:48]} Qd4 {[%clk 00:09:46]} {[%emt 00:02:01]} 49. Qe6
{[%clk 00:10:56]} {[%emt 00:03:53]} Qb6 {[%clk 00:05:10]} {[%emt 00:05:04]} 50.
Qxe4+ {[%clk 00:11:12]} {[%emt 00:00:15]} Qb7 {[%clk 00:05:38]} {[%emt
00:00:02]} 51. Qxb7+ {[%clk 00:11:32]} {[%emt 00:00:10]} Kxb7 {[%clk 00:06:07]}
{[%emt 00:00:02]} 52. Rxa5 {[%clk 00:11:51]} {[%emt 00:00:10]} 1/2-1/2

[Event "Senior Men Russian Championship 2022_HL"]
[Site "Saint-Petersburg, Russia"]
[Date "2022.09.26"]
[Round "3.3"]
[White "Loginov, Valery A"]
[Black "Provotorov, Alexandr P."]
[Result "0-1"]
[TimeControl "40+30"]
[WhiteElo "2478"]
[BlackElo "2277"]

1. Nf3 {[%clk 01:30:55]} {[%emt 00:00:04]} Nf6 {[%clk 01:30:11]} {[%emt
00:00:50]} 2. c4 {[%clk 01:31:17]} {[%emt 00:00:08]} d6 {[%clk 01:29:04]}
{[%emt 00:01:36]} 3. d4 {[%clk 01:31:38]} {[%emt 00:00:09]} c6 {[%clk
01:27:22]} {[%emt 00:02:12]} 4. Nc3 {[%clk 01:31:57]} {[%emt 00:00:11]} Nbd7
{[%clk 01:27:10]} {[%emt 00:00:42]} 5. e4 {[%clk 01:32:16]} {[%emt 00:00:12]}
e5 {[%clk 01:27:25]} {[%emt 00:00:14]} 6. Be2 {[%clk 01:32:37]} {[%emt
00:00:09]} Be7 {[%clk 01:27:47]} {[%emt 00:00:09]} 7. O-O {[%clk 01:32:41]}
{[%emt 00:00:25]} O-O {[%clk 01:28:10]} {[%emt 00:00:07]} 8. Rb1 {[%clk
01:27:55]} {[%emt 00:05:16]} Re8 {[%clk 01:24:44]} {[%emt 00:03:56]} 9. Re1
{[%clk 01:27:01]} {[%emt 00:01:24]} Bf8 {[%clk 01:21:54]} {[%emt 00:03:20]} 10.
Bf1 {[%clk 01:27:17]} {[%emt 00:00:14]} a6 {[%clk 01:21:25]} {[%emt 00:00:59]}
11. b4 {[%clk 01:25:59]} {[%emt 00:01:49]} exd4 {[%clk 01:08:56]} {[%emt
00:12:59]} 12. Nxd4 {[%clk 01:26:11]} {[%emt 00:00:18]} c5 {[%clk 01:09:05]}
{[%emt 00:00:21]} 13. Nc2 {[%clk 01:26:09]} {[%emt 00:00:31]} cxb4 {[%clk
01:05:26]} {[%emt 00:04:08]} 14. Nxb4 {[%clk 01:26:18]} {[%emt 00:00:22]} Nc5
{[%clk 01:05:42]} {[%emt 00:00:14]} 15. f3 {[%clk 01:21:39]} {[%emt 00:05:09]}
h6 {[%clk 00:53:49]} {[%emt 00:12:23]} 16. Be3 {[%clk 01:19:29]} {[%emt
00:02:40]} Be6 {[%clk 00:51:00]} {[%emt 00:03:18]} 17. Nbd5 {[%clk 01:06:35]}
{[%emt 00:13:25]} Rb8 {[%clk 00:48:12]} {[%emt 00:03:18]} 18. Rb2 {[%clk
01:01:24]} {[%emt 00:05:41]} Nxd5 {[%clk 00:38:32]} {[%emt 00:10:09]} 19. Nxd5
{[%clk 01:00:52]} {[%emt 00:01:03]} Qc8 {[%clk 00:31:45]} {[%emt 00:07:17]} 20.
g4 {[%clk 00:55:15]} {[%emt 00:06:07]} Bxd5 {[%clk 00:22:37]} {[%emt 00:09:38]}
21. Qxd5 {[%clk 00:55:24]} {[%emt 00:00:21]} Nd7 {[%clk 00:18:36]} {[%emt
00:04:31]} 22. Ba7 {[%clk 00:48:58]} {[%emt 00:06:56]} Re5 {[%clk 00:17:17]}
{[%emt 00:01:49]} 23. Qd2 {[%clk 00:48:44]} {[%emt 00:00:44]} Ra8 {[%clk
00:17:36]} {[%emt 00:00:11]} 24. Bd4 {[%clk 00:48:02]} {[%emt 00:01:11]} Re6
{[%clk 00:16:21]} {[%emt 00:01:45]} 25. Reb1 {[%clk 00:47:01]} {[%emt
00:01:32]} Nc5 {[%clk 00:15:43]} {[%emt 00:01:08]} 26. Qe3 {[%clk 00:42:37]}
{[%emt 00:04:54]} Rb8 {[%clk 00:15:14]} {[%emt 00:00:59]} 27. h4 {[%clk
00:41:19]} {[%emt 00:01:47]} Be7 {[%clk 00:14:08]} {[%emt 00:01:37]} 28. Rh2
{[%clk 00:40:24]} {[%emt 00:01:25]} Bf6 {[%clk 00:13:29]} {[%emt 00:01:09]} 29.
Bxf6 {[%clk 00:40:37]} {[%emt 00:00:17]} Rxf6 {[%clk 00:13:48]} {[%emt
00:00:12]} 30. g5 {[%clk 00:40:49]} {[%emt 00:00:17]} Re6 {[%clk 00:09:38]}
{[%emt 00:04:39]} 31. Bh3 {[%clk 00:40:07]} {[%emt 00:01:12]} h5 {[%clk
00:09:56]} {[%emt 00:00:13]} 32. Qd4 {[%clk 00:34:51]} {[%emt 00:05:46]} Qc7
{[%clk 00:08:35]} {[%emt 00:01:51]} 33. Bxe6 {[%clk 00:30:13]} {[%emt
00:05:09]} Nxe6 {[%clk 00:08:58]} {[%emt 00:00:06]} 34. Qe3 {[%clk 00:29:24]}
{[%emt 00:01:19]} Qxc4 {[%clk 00:08:09]} {[%emt 00:01:19]} 35. Rd2 {[%clk
00:27:36]} {[%emt 00:02:18]} b5 {[%clk 00:07:11]} {[%emt 00:01:27]} 36. a3
{[%clk 00:25:12]} {[%emt 00:02:54]} Qc5 {[%clk 00:06:30]} {[%emt 00:01:10]} 37.
Qxc5 {[%clk 00:22:59]} {[%emt 00:02:44]} dxc5 {[%clk 00:06:53]} {[%emt
00:00:07]} 38. Rd6 {[%clk 00:23:24]} {[%emt 00:00:05]} a5 {[%clk 00:06:10]}
{[%emt 00:01:13]} 39. Ra6 {[%clk 00:23:33]} {[%emt 00:00:21]} Nd4 {[%clk
00:06:27]} {[%emt 00:00:13]} 40. Kf2 {[%clk 00:53:47]} {[%emt 00:00:16]} c4
{[%clk 00:35:35]} {[%emt 00:01:22]} 41. g6 {[%clk 00:47:53]} {[%emt 00:06:24]}
fxg6 {[%clk 00:28:01]} {[%emt 00:08:04]} 42. Rd1 {[%clk 00:45:49]} {[%emt
00:02:33]} Nb3 {[%clk 00:27:22]} {[%emt 00:01:09]} 43. Rd7 {[%clk 00:45:38]}
{[%emt 00:00:41]} Nc5 {[%clk 00:27:37]} {[%emt 00:00:14]} 0-1

[Event "Senior Men Russian Championship 2022_HL"]
[Site "Saint-Petersburg, Russia"]
[Date "2022.09.26"]
[Round "3.9"]
[White "Kasantsev, Anatolij B."]
[Black "Vul, Arkadi Eremeevich"]
[Result "1/2-1/2"]
[TimeControl "40+30"]
[WhiteElo "1908"]
[BlackElo "2181"]

1. d4 {[%clk 01:30:58]} {[%emt 00:00:01]} Nf6 {[%clk 01:29:50]} {[%emt
00:01:10]} 2. c4 {[%clk 01:31:14]} {[%emt 00:00:13]} e6 {[%clk 01:30:14]}
{[%emt 00:00:07]} 3. Nc3 {[%clk 01:31:31]} d5 {[%clk 01:30:39]} {[%emt
00:00:19]} 4. cxd5 {[%clk 01:31:34]} exd5 {[%clk 01:31:03]} {[%emt 00:00:32]} 5.
Bg5 {[%emt 00:03:00]} c6 {[%clk 01:28:35]} {[%emt 00:00:12]} 6. e3 {[%clk
01:31:51]} {[%emt 00:00:29]} Nbd7 {[%clk 01:25:59]} {[%emt 00:03:06]} 7. Bd3
{[%clk 01:32:03]} {[%emt 00:00:17]} Be7 {[%clk 01:24:36]} {[%emt 00:01:54]} 8.
Qc2 {[%clk 01:31:44]} {[%emt 00:00:48]} h6 {[%clk 01:13:23]} {[%emt 00:11:44]}
9. Bh4 {[%clk 01:31:56]} {[%emt 00:00:18]} Nh5 {[%clk 01:12:47]} {[%emt
00:01:07]} 10. Bxe7 {[%clk 01:31:19]} {[%emt 00:01:07]} Qxe7 {[%clk 01:13:15]}
{[%emt 00:00:01]} 11. Nge2 {[%clk 01:31:27]} {[%emt 00:00:21]} Nb6 {[%clk
01:11:31]} {[%emt 00:02:16]} 12. h3 {[%clk 01:29:36]} {[%emt 00:02:20]} Nf6
{[%clk 01:10:27]} {[%emt 00:01:34]} 13. g4 {[%clk 01:23:52]} {[%emt 00:06:14]}
Bd7 {[%clk 00:58:38]} {[%emt 00:12:20]} 14. Ng3 {[%clk 01:23:46]} {[%emt
00:00:35]} g6 {[%clk 00:57:34]} {[%emt 00:01:34]} 15. O-O-O {[%clk 01:23:40]}
{[%emt 00:00:36]} O-O-O {[%clk 00:57:32]} {[%emt 00:00:33]} 16. Kb1 {[%clk
01:23:38]} {[%emt 00:00:31]} h5 {[%clk 00:54:13]} {[%emt 00:03:50]} 17. g5
{[%clk 01:20:26]} {[%emt 00:03:42]} Ne8 {[%clk 00:54:26]} {[%emt 00:00:17]} 18.
h4 {[%clk 01:20:42]} {[%emt 00:00:13]} Bg4 {[%clk 00:48:36]} {[%emt 00:06:21]}
19. Rc1 {[%clk 01:20:33]} {[%emt 00:00:38]} Nd6 {[%clk 00:44:49]} {[%emt
00:04:17]} 20. b3 {[%clk 01:09:23]} {[%emt 00:11:40]} Rhe8 {[%clk 00:41:39]}
{[%emt 00:03:40]} 21. a4 {[%clk 01:06:49]} {[%emt 00:03:04]} a5 {[%clk
00:30:17]} {[%emt 00:11:52]} 22. Qd2 {[%clk 00:57:13]} {[%emt 00:10:05]} Bf3
{[%clk 00:22:06]} {[%emt 00:08:42]} 23. Rhg1 {[%clk 00:55:42]} {[%emt
00:02:01]} Ne4 {[%clk 00:14:16]} {[%emt 00:08:21]} 24. Bxe4 {[%emt 00:01:22]}
dxe4 {[%emt 00:00:02]} 1/2-1/2

[Event "Senior Men Russian Championship 2022_HL"]
[Site "Saint-Petersburg, Russia"]
[Date "2022.09.27"]
[Round "4.1"]
[White "Provotorov, Alexandr P."]
[Black "Ponfilenok, Vladimir"]
[Result "1/2-1/2"]
[TimeControl "40+30"]
[WhiteElo "2277"]
[BlackElo "2298"]

1. e4 {[%clk 01:30:51]} {[%emt 00:00:07]} e6 {[%clk 01:30:59]} {[%emt
00:00:02]} 2. d3 {[%clk 01:30:46]} {[%emt 00:00:35]} d5 {[%clk 01:31:27]}
{[%emt 00:00:02]} 3. Nd2 {[%clk 01:31:07]} {[%emt 00:00:09]} Nf6 {[%clk
01:31:37]} {[%emt 00:00:20]} 4. Ngf3 {[%clk 01:31:04]} {[%emt 00:00:32]} Nc6
{[%clk 01:31:49]} {[%emt 00:00:18]} 5. c3 {[%clk 01:29:32]} {[%emt 00:02:02]}
Bd6 {[%clk 01:31:01]} {[%emt 00:01:19]} 6. g3 {[%clk 01:26:57]} {[%emt
00:03:04]} O-O {[%clk 01:30:43]} {[%emt 00:00:48]} 7. Bg2 {[%clk 01:27:02]}
{[%emt 00:00:25]} dxe4 {[%clk 01:26:11]} {[%emt 00:05:03]} 8. dxe4 {[%clk
01:23:16]} {[%emt 00:04:16]} e5 {[%clk 01:26:29]} {[%emt 00:00:12]} 9. O-O
{[%clk 01:23:04]} {[%emt 00:00:41]} a5 {[%clk 01:23:41]} {[%emt 00:03:18]} 10.
Qc2 {[%clk 01:10:58]} {[%emt 00:12:36]} Qe7 {[%clk 01:14:31]} {[%emt 00:09:41]}
11. Nc4 {[%clk 01:05:16]} {[%emt 00:06:12]} Bc5 {[%clk 01:14:57]} {[%emt
00:00:03]} 12. Ne3 {[%clk 01:04:20]} {[%emt 00:01:26]} Rd8 {[%clk 01:12:19]}
{[%emt 00:03:08]} 13. Nh4 {[%clk 00:51:47]} {[%emt 00:13:04]} Be6 {[%clk
01:10:29]} {[%emt 00:02:18]} 14. Nef5 {[%clk 00:51:28]} {[%emt 00:00:49]} Qd7
{[%clk 01:07:05]} {[%emt 00:03:55]} 15. Bg5 {[%clk 00:48:33]} {[%emt 00:03:25]}
Qd3 {[%clk 01:06:51]} {[%emt 00:00:44]} 16. Qc1 {[%clk 00:48:48]} {[%emt
00:00:16]} Nxe4 {[%clk 01:06:16]} {[%emt 00:01:05]} 17. Bxd8 {[%clk 00:44:19]}
{[%emt 00:05:00]} Rxd8 {[%clk 01:06:43]} {[%emt 00:00:02]} 18. Bxe4 {[%clk
00:43:50]} {[%emt 00:00:59]} Qxe4 {[%clk 01:07:11]} {[%emt 00:00:02]} 19. Qg5
{[%clk 00:43:44]} {[%emt 00:00:36]} Bf8 {[%clk 01:05:45]} {[%emt 00:01:56]} 20.
Rae1 {[%clk 00:40:50]} {[%emt 00:03:25]} Qd3 {[%clk 01:01:10]} {[%emt
00:05:04]} 21. Rd1 {[%clk 00:37:06]} {[%emt 00:04:13]} Qxd1 {[%clk 01:00:48]}
{[%emt 00:00:54]} 22. Rxd1 {[%clk 00:37:30]} {[%emt 00:00:05]} Rxd1+ {[%clk
01:01:10]} {[%emt 00:00:09]} 23. Kg2 {[%clk 00:37:57]} {[%emt 00:00:03]} Rd7
{[%clk 00:56:14]} {[%emt 00:05:25]} 24. a3 {[%clk 00:34:45]} {[%emt 00:03:43]}
f6 {[%clk 00:49:00]} {[%emt 00:07:42]} 25. Qh5 {[%clk 00:28:27]} {[%emt
00:06:50]} Rd8 {[%clk 00:37:45]} {[%emt 00:11:44]} 26. Qg4 {[%clk 00:25:54]}
{[%emt 00:03:03]} Re8 {[%clk 00:34:32]} {[%emt 00:03:42]} 27. Kg1 {[%clk
00:17:45]} {[%emt 00:08:40]} Nd8 {[%clk 00:26:46]} {[%emt 00:08:16]} 28. Qa4
{[%clk 00:14:40]} {[%emt 00:03:36]} c6 {[%clk 00:24:47]} {[%emt 00:02:29]} 29.
Ne3 {[%clk 00:14:34]} {[%emt 00:00:35]} b6 {[%clk 00:24:22]} {[%emt 00:00:55]}
30. b4 {[%clk 00:14:11]} {[%emt 00:00:53]} axb4 {[%clk 00:24:34]} {[%emt
00:00:19]} 31. axb4 {[%clk 00:14:37]} {[%emt 00:00:03]} b5 {[%clk 00:19:23]}
{[%emt 00:05:41]} 32. Qc2 {[%emt 00:05:55]} Re7 33. Nf3 Rd7 {[%emt 00:00:01]}
34. Nd2 1/2-1/2

[Event "Senior Men Russian Championship 2022_HL"]
[Site "Saint-Petersburg, Russia"]
[Date "2022.09.27"]
[Round "4.2"]
[White "Ionov, Sergey"]
[Black "Raetsky, Alexander"]
[Result "1/2-1/2"]
[TimeControl "40+30"]
[WhiteElo "2513"]
[BlackElo "2384"]

1. c4 {[%clk 01:30:55]} {[%emt 00:00:04]} e5 {[%clk 01:28:57]} {[%emt
00:02:04]} 2. g3 {[%clk 01:31:03]} {[%emt 00:00:22]} Nf6 {[%clk 01:25:22]}
{[%emt 00:04:04]} 3. Bg2 {[%clk 01:31:03]} {[%emt 00:00:30]} c6 {[%clk
01:25:42]} {[%emt 00:00:10]} 4. Nf3 {[%clk 01:30:26]} {[%emt 00:01:07]} e4
{[%clk 01:21:19]} {[%emt 00:04:52]} 5. Nd4 {[%clk 01:29:48]} {[%emt 00:01:09]}
d5 {[%clk 01:21:25]} {[%emt 00:00:24]} 6. cxd5 {[%clk 01:30:12]} {[%emt
00:00:06]} Qxd5 {[%clk 01:18:27]} {[%emt 00:03:28]} 7. Nc2 {[%clk 01:30:35]}
{[%emt 00:00:07]} Qh5 {[%clk 01:12:02]} {[%emt 00:06:55]} 8. Ne3 {[%clk
01:14:42]} {[%emt 00:16:22]} Bh3 {[%clk 01:01:15]} {[%emt 00:11:17]} 9. Qb3
{[%clk 01:13:56]} {[%emt 00:01:17]} Nbd7 {[%clk 00:46:20]} {[%emt 00:15:26]} 10.
Qxb7 {[%clk 01:10:17]} {[%emt 00:04:08]} Rb8 {[%clk 00:46:26]} {[%emt
00:00:24]} 11. Qxc6 {[%clk 01:10:22]} {[%emt 00:00:25]} Bc5 {[%clk 00:46:26]}
{[%emt 00:00:30]} 12. Bxh3 {[%clk 00:59:57]} {[%emt 00:10:56]} Qxh3 {[%clk
00:45:17]} {[%emt 00:01:38]} 13. Nc3 {[%clk 01:00:21]} {[%emt 00:00:06]} Bxe3
{[%clk 00:34:50]} {[%emt 00:10:57]} 14. fxe3 {[%clk 01:00:26]} {[%emt
00:00:24]} Qg2 {[%clk 00:34:57]} {[%emt 00:00:23]} 15. Rf1 {[%clk 01:00:51]}
{[%emt 00:00:06]} O-O {[%clk 00:34:20]} {[%emt 00:01:06]} 16. Rf2 {[%clk
01:01:17]} {[%emt 00:00:05]} Qg1+ {[%clk 00:34:12]} {[%emt 00:00:38]} 17. Rf1
{[%clk 01:01:42]} {[%emt 00:00:05]} Qg2 {[%clk 00:23:02]} {[%emt 00:11:40]} 18.
Rf2 {[%clk 01:01:56]} {[%emt 00:00:15]} Qg1+ {[%clk 00:23:27]} {[%emt
00:00:06]} 19. Rf1 {[%clk 01:02:21]} {[%emt 00:00:05]} Qg2 {[%clk 00:14:03]}
{[%emt 00:09:54]} 1/2-1/2

[Event "Senior Men Russian Championship 2022_HL"]
[Site "Saint-Petersburg, Russia"]
[Date "2022.09.27"]
[Round "4.3"]
[White "Balashov, Yuri S"]
[Black "Mishuchkov, Nikolai M."]
[Result "1/2-1/2"]
[TimeControl "40+30"]
[WhiteElo "2395"]
[BlackElo "2258"]

1. d4 {[%clk 01:30:56]} {[%emt 00:00:03]} Nf6 {[%clk 01:30:50]} {[%emt
00:00:10]} 2. c4 {[%clk 01:31:18]} {[%emt 00:00:08]} e6 {[%clk 01:31:15]}
{[%emt 00:00:05]} 3. Nc3 {[%clk 01:31:37]} {[%emt 00:00:10]} Bb4 {[%clk
01:31:33]} {[%emt 00:00:13]} 4. Nf3 {[%clk 01:31:55]} {[%emt 00:00:12]} O-O
{[%clk 01:28:38]} {[%emt 00:03:25]} 5. Bg5 {[%clk 01:31:17]} {[%emt 00:01:08]}
h6 {[%clk 01:21:43]} {[%emt 00:07:25]} 6. Bh4 {[%clk 01:31:38]} {[%emt
00:00:08]} d5 {[%clk 01:20:36]} {[%emt 00:01:39]} 7. e3 {[%clk 01:31:27]}
{[%emt 00:00:39]} Nbd7 {[%clk 01:19:43]} {[%emt 00:01:23]} 8. Rc1 {[%clk
01:22:17]} {[%emt 00:09:40]} c6 {[%clk 01:19:30]} {[%emt 00:00:45]} 9. Qc2
{[%clk 01:13:46]} {[%emt 00:09:00]} Be7 {[%clk 01:14:58]} {[%emt 00:05:02]} 10.
Bd3 {[%clk 01:11:56]} {[%emt 00:02:19]} dxc4 {[%clk 01:12:12]} {[%emt
00:03:17]} 11. Bxc4 {[%clk 01:12:20]} {[%emt 00:00:06]} Nd5 {[%clk 01:12:32]}
{[%emt 00:00:10]} 12. Bg3 {[%clk 01:06:29]} {[%emt 00:06:20]} Qa5 {[%clk
00:55:20]} {[%emt 00:17:43]} 13. O-O {[%clk 01:06:26]} {[%emt 00:00:32]} Nxc3
{[%clk 00:48:42]} {[%emt 00:07:09]} 14. bxc3 {[%clk 01:06:43]} {[%emt
00:00:13]} b5 {[%clk 00:42:45]} {[%emt 00:06:28]} 15. Bb3 {[%clk 01:01:54]}
{[%emt 00:05:17]} Bb7 {[%clk 00:41:49]} {[%emt 00:01:26]} 16. a4 {[%clk
00:59:21]} {[%emt 00:03:04]} Rfe8 {[%clk 00:31:48]} {[%emt 00:10:31]} 17. Ra1
{[%clk 00:57:56]} {[%emt 00:01:55]} b4 {[%clk 00:31:34]} {[%emt 00:00:45]} 18.
cxb4 {[%clk 00:54:32]} {[%emt 00:03:53]} Bxb4 {[%clk 00:31:52]} {[%emt
00:00:12]} 19. Bc4 {[%clk 00:53:13]} {[%emt 00:01:49]} Rac8 {[%clk 00:25:39]}
{[%emt 00:06:42]} 20. Rfd1 {[%clk 00:52:16]} {[%emt 00:01:27]} Ba6 {[%clk
00:18:32]} {[%emt 00:07:39]} 21. Rab1 {[%clk 00:48:01]} {[%emt 00:04:43]} Bf8
{[%clk 00:16:49]} {[%emt 00:02:14]} 22. Bxa6 {[%clk 00:46:24]} {[%emt
00:02:06]} Qxa6 {[%clk 00:17:14]} {[%emt 00:00:05]} 23. a5 {[%clk 00:44:19]}
{[%emt 00:02:35]} c5 {[%clk 00:16:04]} {[%emt 00:01:40]} 24. Qe4 {[%clk
00:41:29]} {[%emt 00:03:20]} cxd4 {[%clk 00:15:11]} {[%emt 00:01:23]} 25. Qb7
{[%clk 00:37:19]} {[%emt 00:04:40]} Qxb7 {[%clk 00:15:23]} {[%emt 00:00:19]} 26.
Rxb7 {[%clk 00:37:44]} {[%emt 00:00:05]} Nc5 {[%clk 00:15:49]} {[%emt
00:00:04]} 27. Rxa7 {[%clk 00:38:07]} {[%emt 00:00:07]} dxe3 {[%clk 00:15:55]}
{[%emt 00:00:24]} 28. fxe3 {[%clk 00:38:32]} {[%emt 00:00:04]} Ne4 {[%clk
00:11:46]} {[%emt 00:04:39]} 29. Rb7 {[%clk 00:36:50]} {[%emt 00:02:12]} Bc5
{[%clk 00:05:22]} {[%emt 00:06:55]} 30. Nd4 {[%clk 00:35:49]} {[%emt 00:01:31]}
Nxg3 {[%clk 00:04:09]} {[%emt 00:01:44]} 31. hxg3 {[%clk 00:36:13]} {[%emt
00:00:05]} Ra8 {[%clk 00:03:52]} {[%emt 00:00:47]} 32. Rb5 {[%clk 00:34:02]}
{[%emt 00:02:40]} Bxd4 {[%clk 00:03:52]} {[%emt 00:00:30]} 33. Rxd4 {[%clk
00:34:13]} {[%emt 00:00:19]} Re7 {[%clk 00:04:13]} {[%emt 00:00:09]} 1/2-1/2